Dış ticaret istatistikleri (Record no. 7649)
[ view plain ]
| 000 -BAŞLIK | |
|---|---|
| Sabit Uzunlukta Kontrol Alanı | 01026na a2200289 4500 |
| 001 - KONTROL NUMARASI | |
| Denetim Alanı | 15852 |
| 003 - KONTROL NUMARASI IDENTIFIER | |
| Denetim Alanı | MIRAKIL |
| 005 - SON İŞLEM TARİHİ VE ZAMANI | |
| Denetim Alanı | 20181213155145.0 |
| 008 - SABİT-BOY VERİ ELEMANLARI - GENEL BİLGİLER | |
| Sabit Uzunlukta Kontrol Alanı | 160924b tu 000 0 |
| 020 ## - ULUSLARARASI STANDART KİTAP NUMARASI | |
| Uluslararası Standart Kitap Numarası | 975192698X |
| 022 ## - ULUSLARARASI STANDART SERİ NUMARASI | |
| Uluslararası Standart Süreli Yayın Numarası | 02595338 |
| 035 ## - SİSTEM KONTROL NUMARASI | |
| Sistem Kontrol Numarası | 15852 |
| 040 ## - KATALOGLAMA KAYNAK | |
| Orijinal Kataloglama Ajansı | Milas |
| Kataloglama Dili | tur |
| Metne Dönüştürmek Ajansı | TR-AnCHP |
| 041 ## - DİL KODU | |
| Metin / Ses Parça Veya Ayrı Başlığın Dil Kodu | tur |
| -- | eng |
| 082 ## - DEWEY ONLU SINIFLANDIRMA NUMARASI | |
| Sınıflandırma Numarası | 382.09561021 1999 |
| Ürün Numarası | T95d 2001 |
| 090 ## - SINIFLAMA NUMARASI | |
| Sınıflama Numarası | 382.09561021 1999 T95d 2001 |
| 110 ## - ANA GİRİŞ - KURUMSAL ADI | |
| Giriş Elemanı Olarak Kurumsal Ad Veya Yargı Alanı Adı | Türkiye İstatistik Kurumu (TÜİK) |
| 245 ## - BAŞLIK TABLOSU | |
| Başlık | Dış ticaret istatistikleri |
| Başlığın Kalan | 1999 = foreign trade statistics |
| Sorumluluk Tablosu, Vb | Devlet İstatistik Enstitüsü (DİE) |
| 246 ## - UNVAN FORM VARYING | |
| Başlık Doğru / Kısa Başlığı | 1999 foreign trade statistics |
| 260 ## - YAYIN, DAĞITIM, VB | |
| Yayın, Dağıtım, Vb Yeri | Ankara |
| Yayıncı, Dağıtıcı, Vs Adı | Devlet İstatistik Enstitüsü (DİE) |
| Yayın, Dağıtım, Vb Tarihi | 2001 |
| 300 ## - FİZİKSEL TANIM | |
| Kapsam | xx, 507 s. |
| Diğer Fiziksel Ayrıntıları | tbl. , grf. |
| Boyutlar | 30 sm. |
| 490 ## - SERİSİ TABLOSU | |
| Seri Beyanı | Devlet İstatistik Enstitüsü |
| Hacim / Ardışık Tanımı | 2431 |
| 500 ## - GENEL NOT | |
| Genel Not | Kurumun yeni adı: Türkiye İstatistik Kurumu (TÜİK) |
| 546 ## - DİL NOTU | |
| Dil Notu | Metinler Türkçe-İngilizce karşılıklıdır. |
| 650 ## - KONU KATMA GİRİŞ - TOPİKAL DÖNEM | |
| Topikal Süreli Veya Coğrafi Ad Giriş Elemanı | Dış Ticaret |
| Form Alt Bölümü | 1999 |
| Genel Alt Bölümü | İstatistikler |
| Kronolojik Alt Bölümü | Türkiye |
| Coğrafi Alt Bölümü | Süreli yayınlar |
| 942 ## - EKLENDİ GİRİŞ ELEMANLARI (KOHA) | |
| Sınıflandırma Veya Raf Düzeni Kaynak | Dewey Decimal Classification |
| Koha Öğesi Türü | Books |
| 999 ## - SİSTEM KONTROL NUMARALARI (KOHA) | |
| Koha Biblionumber | 7649 |
| Koha Biblioitemnumber | 7649 |
| Kalıcı Konum | Mevcut Konum | Edinme Tarihi | Edinim Kaynak | Toplam Check-Out'Lar | Tam Çağrı Numarası | Barkod | Tarih Son Görülme | İtibaren Geçerli Fiyatlar | Koha Öğesi Türü |
|---|---|---|---|---|---|---|---|---|---|
| CHP Kütüphanesi | CHP Kütüphanesi | 09/24/2016 | Bağış | 382.09561021 1999 T95d 2001 | 004188 | 09/24/2016 | 09/24/2016 | Books |
